Biblioteca y Centro de Documentación

Tesauros y ontologías en sistemas de información documental (Registro nro. 42409)

Detalles MARC
000 -CABECERA
Longitud fija campo de control 01013naa a2200277 c 4500
001 - NÚMERO DE CONTROL
Número de control 42409
003 - IDENTIFICADOR DE NÚMERO DE CONTROL
Identificador del número de control ES-MaCES
005 - FECHA Y HORA DE LA ÚLTIMA TRANSACCIÓN
Fecha y hora de la última transacción 20141221114209.0
008 - CAMPO FIJO DE DESCRIPCIÓN FIJA--INFORMACIÓN GENERAL
Códigos de información de longitud fija   120215n2011 sp t 000 | spa d
035 ## - NÚMERO DE CONTROL DEL SISTEMA
Número de control del sistema CES20120000178v
040 ## - FUENTE DE CATALOGACIÓN
Centro catalogador de origen ES-MaCES
Lengua de catalogación spa
Centro transcriptor ES-MaCES
100 1# - ENCABEZAMIENTO PRINCIPAL--NOMBRE PERSONAL
Nombre de persona Codina, Lluís
9 (RLIN) 9754
245 10 - MENCIÓN DE TÍTULO
Título Tesauros y ontologías en sistemas de información documental
Mención de responsabilidad, etc. Lluís Codina y Rafael Pedraza-Jiménez
500 ## - NOTA GENERAL
Nota general Resumen en español e inglés
504 ## - NOTA DE BIBLIOGRAFÍA, ETC.
Nota de bibliografía, etc. Bibliografía: p. 562-563
650 #4 - ASIENTO SECUNDARIO DE MATERIA--TÉRMINO DE MATERIA
Término de materia o nombre geográfico como elemento inicial procesamiento de la información
9 (RLIN) 28917
650 #4 - ASIENTO SECUNDARIO DE MATERIA--TÉRMINO DE MATERIA
Término de materia o nombre geográfico como elemento inicial sistema de información
9 (RLIN) 28920
650 #4 - ASIENTO SECUNDARIO DE MATERIA--TÉRMINO DE MATERIA
Término de materia o nombre geográfico como elemento inicial documentación
9 (RLIN) 28908
650 #4 - ASIENTO SECUNDARIO DE MATERIA--TÉRMINO DE MATERIA
Término de materia o nombre geográfico como elemento inicial tesauro
9 (RLIN) 26678
653 10 - TÉRMINO DE INDEXACIÓN--NO CONTROLADO
Término no controlado Biblioteconomía
700 1# - ENCABEZAMIENTO SECUNDARIO--NOMBRE PERSONAL
Nombre de persona Pedraza-Jiménez, Rafael
9 (RLIN) 20541
773 0# - ENTRADA DE DOCUMENTO FUENTE
Título El profesional de la información
Parte(s) relacionada(s) vol. 20, n. 5 (sept.-oct. 2011){55/1048 R. 080197}; p. 555-563
Número de control del registro relacionado (ES-MaCES)26000
Itemnumber del ítem fuente 79122
902 ## - CES. TIPO DE DOCUMENTO
Tipodoc (006$c Sirtex) ART Artículo de revista
942 ## - ELEMENTOS KOHA
Fuente de clasificaión o esquema Clasificación propia del CES
Koha [por defecto] tipo de item Artículos (1982-2017)
Parte de clasificación 9.0.

No hay ítems disponibles.

© CES, Consejo Económico y Social de España 2021